000 00569nam a2200229Ia 4500
003 OSt
005 20221005120325.0
006 a|||||r|||| 00| 0
007 ta
008 221004b |||||||| |||| 00| 0 kan d
024 _a60875
037 _cTextual
040 _aCRL
_cCRL
_bkan
041 _2kan
_akan
082 _aO33,3NCH8,2, J0
100 _aChulaki
_9579946
245 0 _aDora mattu itdr katheqalu
260 _c1950
650 _aKANNAD LITERATURE
942 _hO33,3NCH8,2, J0
_cTEXL
_2cc
999 _c1037649
_d1037649